Estadísticas para Socios Comerciales más Grandes - Alemania

Haz click aquí para intentar la prueba.

Estadísticas generales

  • Esta prueba ha sido intentada 102 veces
  • La puntuación promedio es 15 de 17

Estadísticas de respuestas

ExportacionesImportacionesPaís% Correcto
85.4105China
99%
44.530.7España
99%
11965.8Estados Unidos
99%
11172.9Francia
99%
67.357.3Italia
96%
58.951.5Polonia
95%
94.139.4Reino Unido
95%
23.629.4Rusia
95%
55.349.6Suiza
94%
65.442.5Austria
92%
25.4Japón
92%
45.841.9Bélgica
90%
86.892.5Países Bajos
90%
27.9Suecia
85%
24.917.0Turquía
80%
42.746.9República Checa
77%
25.427.6Hungría
67%

Distribución de puntuación

Porcentaje por número respondido

Porcentaje de gente con cada puntuación

Historial de tus puntuaciones

No has intentado esta prueba.